| 000 | 00423nam a2200169Ia 4500 | ||
|---|---|---|---|
| 008 | 130318s9999 xx 000 0 und d | ||
| 020 | _a748402527 | ||
| 082 | _a910.285 HAI/L | ||
| 100 | _aHaines-Young, Roy | ||
| 245 | _aLandscape ecology and GIS | ||
| 260 |
_bCRC Press _aLondon _c1993 |
||
| 300 | _a288 | ||
| 650 | _aGIS | ||
| 650 | _aREMOTE SENSING SYSTEMS | ||
| 700 | _aCousins, Stephen H | ||
| 700 | _aGreen, David R | ||
| 999 |
_c1991 _d1991 |
||